000 00288nam a22001217a 4500
008 170712b xxu||||| |||| 00| 0 eng d
041 _aeng
080 _28 ED
_a038
100 _a23
101 _aFJA
245 _aTHESAUSRUS OF PHYCHOLOGICAL INDEX TERMS
_cWALKER.A
942 _2udc
_cBK
999 _c20291
_d20291